Countries Never Represented in the UEFA Champions League - Statistics

General Stats
  • This quiz has been taken 474 times
    412 since last reset
  • The average score is 14 of 22
Answer Stats
Answer % Correct
Andorra
83%
Albania
78%
San Marino
78%
Estonia
77%
Latvia
76%
Lithuania
76%
Luxembourg
73%
Republic of Ireland
71%
Iceland
70%
Malta
68%
Montenegro
64%
Wales
63%
Moldova
61%
Kosovo
60%
Liechtenstein
60%
Bosnia-Herzegovina
59%
Northern Ireland
59%
FYR Macedonia
57%
Armenia
55%
Georgia
54%
Gibraltar
43%
Faroe Islands
36%
No matching quizzes found
Score Distribution
Percent of People with Each Score
Percentile by Number Answered
Your Score History
You have not taken this quiz since the last reset